Výročitá zpráva biskupská pred dištr. konvent ...

Podrobná bibliografia
Médium: Seriál
Jazyk:slovenčina
Fyzický popis:zv.
Vydavateľské údaje: Prešov A.Kósch [1936]
Predmet:

MARC

LEADER 00000cas a2200000 a 4500
001 vtls001287981
003 SK-MaSNL
005 20260228163924.0
008 970522d19361936xo ar 0 0b0slo
035 |a SNK000239572 
040 |a SNK  |b slo  |c SNK  |e AACR2 
041 0 |a slo 
044 |a xo  |c SK 
072 7 |a 2  |x Náboženstvo  |2 konspekt 
080 |a 2‑732.3  |2 2011 
080 |a 050  |2 2011 
080 |a (047.1)  |2 2011 
245 0 0 |a Výročitá zpráva biskupská  |b pred dištr. konvent ... 
260 |a Prešov  |b A.Kósch  |c [1936] 
300 |a zv. 
310 |a 1x ročne 
362 0 |a [1936] 
500 |a Súčasťou názvových údajov je označenie roka 
650 0 7 |a konventy  |2 SNKPH  |9 58651 
655 7 |a výročné správy  |2 SNKPH  |9 70580 
910 |a snk 
999 |c 11285  |d 13215 
952 |0 0  |1 0  |4 0  |7 0  |a SNK  |b SNK  |d 1997-05-22  |l 0  |o snkČSC 2649/1936  |r 2005-01-02 00:00:00  |w 2026-02-21  |y PREZ 
952 |0 0  |1 0  |4 0  |7 0  |8 3  |a SNK  |b SNK  |d 1997-05-22  |i snkK 579/97  |l 0  |o snkČSC 2649/1936 D1  |p 17A0066590  |r 2005-01-02 00:00:00  |w 2026-02-21  |y PREZ